000 00523nam a2200145Ia 4500
008 100122s9999 xx 000 0 und d
082 _b23734
_a922
100 _aढेरे रामचंद्र चिं
245 _aईश्वरनिष्ठांची मांदियाळी
260 _c1970
300 _a50
630 _aईश्वरनिष्ठांची मांदियाळी
730 _aईश्वरनिष्ठांची मांदियाळी
942 _cBOOK
999 _c411266
_d411263